German Airports - Statistics

General Stats
  • This quiz has been taken 30 times
  • The average score is 27 of 44
Answers on the Map
Answers color-coded by a green-red scale on the quiz's map according to % correct below.
 
Answer Stats
Answer % Correct
Berlin
100%
Bremen
95%
München
89%
Hamburg
84%
Hannover
84%
Köln-Bonn
84%
Münster-Osnabrück
84%
Rostock-Laage
84%
Braunschweig
79%
Leipzig-Halle
79%
Nürnberg
79%
Dresden
74%
Karlsruhe Baden-Baden
74%
Kassel
74%
Dortmund
68%
Düsseldorf
68%
Friedrichshafen
68%
Memmingen
68%
Saarbrücken
68%
Schleswig
68%
Erfurt
63%
Augsburg
58%
Frankfurt
58%
Frankfurt Hahn
58%
Ingolstadt
58%
Mannheim
58%
Niederrhein (Weeze)
58%
Stuttgart
58%
Paderborn-Lippstadt
53%
Ramstein
53%
Schwäbisch-Hall
53%
Wiesbaden
53%
Wunstorf
53%
Egelsbach
47%
Aschaffenburg
42%
Giessen
42%
Nörvenich
42%
Hanau
37%
Neuburg
37%
Büchel
32%
Geilenkirchen
32%
Gelnhausen
32%
Spangdahlem
32%
Reichelsheim
26%
No matching quizzes found
Score Distribution
Percent of People with Each Score
Percentile by Number Answered
Your Score History
You have not taken this quiz